000 00958cam a22003373a 4500
001 26220
003 PGUSA
005 20140828083550.0
008 080801s2008||||xxu|||||s|||||000 1 eng d
040 _aPGUSA
_beng
042 _adc
050 4 _aPZ
050 4 _aPS
100 1 _aStratton-Porter, Gene,
_d1863-1924
245 1 2 _aA Girl of the Limberlost
_h[electronic resource] /
_cGene Stratton-Porter
260 _bProject Gutenberg,
_c2008
506 _aPublic domain in the USA.
516 _aElectronic text
653 _aBildungsromans
653 _aGirls -- Fiction
653 _aSwamps -- Fiction
653 _aConflict of generations -- Fiction
653 _aMoths -- Fiction
653 _aMothers and daughters -- Fiction
653 _aDomestic fiction
653 _aDidactic fiction
653 _aIndiana -- Fiction
830 0 _aProject Gutenberg
_v26220
856 4 0 _uhttp://www.gutenberg.org/ebooks/26220
942 _cEB
999 _c255475
_d255475